03042nam a2200397 a 4500001001200000003000800012006001900020007001500039008004100054010001700095020002900112020002700141040002100168035002100189050002600210082001500236100004900251245014300300250001200443260003500455300002400490490002500514504005100539505014200590520145400732533015202186650002402338650002102362650002502383655002902408700002002437700002702457710001702484856012602501999001702627ebr10630493CaPaEBRm u cr cn|||||||||120221s2012 njua sb 001 0 eng d z 2012005831 z9781118027349 (hardback) z9781118222133 (e-book) aCaPaEBRcCaPaEBR a(OCoLC)77794860014aHF5681.P3bM87 2012eb04a657/.42231 aMurphy, William J.q(William Joseph),d1949-10aPatent valuationh[electronic resource] :bimproving decision making through analysis /cWilliam J. Murphy, John L. Orcutt, Paul C. Remus. a1st ed. aHoboken, N.J. :bWiley,c2012. axiv, 379 p. :bill.0 aWiley finance series aIncludes bibliographical references and index.0 apt. 1. Foundations for patent valuation and decision making -- pt. 2. Patent valuation techniques -- pt. 3. Patent valuation in practice. a"A practical resource for valuing patents that is accessible to the complete spectrum of decision makers in the patent processIn today's economy, patents tend to be the most important of the intellectual property (IP) assets. It is often the ability to create, manage, defend, and extract value from patents that can distinguish competitive success and significant wealth creation from competitive failure and economic waste. Patent Valuation enhances the utility and value of patents by providing IP managers, IP creators, attorneys, and government officials with a useable resource that allows them to use actual or implied valuations when making patent-related decisions. Involves a combination of techniques for describing patent valuation Includes descriptions of various topics, illustrative cases, step-by-step valuation techniques, user-friendly procedures and checklists, and examples Serves as a useable resource that allows IP managers to use actual or implied valuations when making patent-related decisions One of the most fundamental premises of the book is that these valuation skills can be made accessible to each of the various decision makers in the patent process. Patent Valuation involves narrative descriptions of the various topics, illustrative cases, step-by-step valuation techniques, user-friendly procedures and checklists, and an abundance of examples to demonstrate the more complex concepts"--cProvided by publisher. aElectronic reproduction.bPalo Alto, Calif. :cebrary,d2011.nAvailable via World Wide Web.nAccess may be limited to ebrary affiliated libraries. 0aValuationvPatents. 0aDecision making. 0aPatentsxAccounting. 7aElectronic books.2local1 aOrcutt, John L.1 aRemus, Paul C.,d1945-2 aebrary, Inc.40uhttp://site.ebrary.com/lib/rucke/Doc?id=10630493zAn electronic book accessible through the World Wide Web; click to view c52762d52762